Norma Chilena Oficial NCh 2332 Of98
Guardado en:
| Autores Corporativos: | , |
|---|---|
| Formato: | Libro |
| Lenguaje: | español |
| Publicado: |
Santiago
Instituto Nacional de Normalización
1999
|
| Edición: | 1a. ed |
| Materias: | |
| Etiquetas: |
Agregar Etiqueta
Sin Etiquetas, Sea el primero en etiquetar este registro!
|
MARC
| LEADER | 00000nam a2200000 a 4500 | ||
|---|---|---|---|
| 001 | UCK5838 | ||
| 003 | CL-VaPUC | ||
| 008 | 050826e19990000CL |||||||||||||||||spa|d | ||
| 082 | 0 | 4 | |a 620.196 |b INS |2 21 |
| 110 | 2 | |a Instituto Nacional de Normalización |e author |9 494824 | |
| 710 | 2 | |a INN |e author |9 494825 | |
| 245 | 1 | 0 | |a Norma Chilena Oficial NCh 2332 Of98 |
| 246 | 1 | 0 | |a Asfaltos - Muestreo |
| 250 | |a 1a. ed | ||
| 300 | |a 15 p | ||
| 942 | |c BK | ||
| 945 | |d 20050826 00:00:00 |a cmena | ||
| 260 | |a Santiago |b Instituto Nacional de Normalización |c 1999 | ||
| 650 | 7 | |a MATERIALES BITUMINOSOS |2 CL-VaPUC |9 494826 | |
| 650 | 7 | |a ENSAYOS DE LABORATORIO |2 CL-VaPUC |9 262663 | |
| 650 | 0 | |a Control de calidad |9 259714 | |
| 650 | 0 | |a Normalización |9 262666 | |
| 583 | |a last modification |c 20050826 00:00:00 |k Rodrigo Vera | ||
| 999 | |c 314290 |d 314288 | ||